000 00732nam a22002537i 4500
005 20260111123512.0
008 250906s2024 ii a|||dr|||| 00| j eng d
020 _a9789354402333
040 _aJO-AmGAM
_erda
082 1 4 _aF
_bL O N
100 1 _a Jack ،London
_eAuthor.
245 1 4 _aTHE CALL OF THE WILD /
_cJack London.
264 _bWonder house books،
_c2024.
_aNew Delhi.
300 _a224 page.
336 _2rdacontent
_aنص
_btxt
337 _2rdamedia
_aدون وسيط عرض
_bn
338 _2rdacarrier
_aمجلد
_bnc
490 1 _aILLUSTRATED CLASSICS.
650 1 7 _aFiction.
650 1 7 _aChildren’s Literature.
830 0 _aILLUSTRATED CLASSICS.
942 _2ddc
_cBK
999 _c247722
_d247722